000 00317nam a2200121Ia 4500
008 230907s9999||||xx |||||||||||||| ||und||
082 _a891.4393
_bUMM
245 0 _aشھرِ دل ، Shehr-e-dil /
260 _aIlm-O-Irfan Publishers,
_bLahore :
_c2015
300 _a280 p.
650 _aUrdu Literature
942 _cBK
999 _c599761
_d599761